| 000 | 004360000a22001690004500 | ||
|---|---|---|---|
| 003 | MACL | ||
| 005 | 20160102114231.0 | ||
| 008 | 160102b xxu||||| |||| 00| 0 eng d | ||
| 040 |
_aMACL _cMACL |
||
| 041 | _aEnglish | ||
| 082 | _a582/TAY | ||
| 100 |
_aTaylor, J E _926801 |
||
| 245 |
_aFlowers _bTheir origin Shapes Perfumes and colours |
||
| 260 |
_bJohn Grant _c1906 _aEdinburgb |
||
| 650 |
_aPlants _95537 |
||
| 942 |
_cBK _k582/TAY _2ddc |
||
| 999 |
_c37482 _d37482 |
||